| 000 | 00918nam0a22002651 4500 | ||
|---|---|---|---|
| 001 | rc\3059661 | ||
| 005 | 20250806202549.0 | ||
| 035 | _a(NLR Aleph) 007198476 | ||
| 090 |
_a51727 _c51727 |
||
| 100 | _a20111012d1941 u y0rusy50 ca | ||
| 101 | 0 | _arus | |
| 102 | _aRU | ||
| 105 | _aa z ||||| | ||
| 200 | 1 |
_aДетская площадка колхоза "Красный огородник-садовод" _fМоск. обл. метод. кабинет по дошкольн. воспитанию |
|
| 210 |
_aМосква _cУчпедгиз _d1941 |
||
| 215 |
_a44 с. _cил. _d16 см |
||
| 700 | 1 |
_aРаппо _bЦ.М. _gЦава Моисеевна |
|
| 701 | 1 |
_aНиколаенко _bО.З. |
|
| 801 | 0 |
_aRU _bNLR _gpsbo |
|
| 801 | 1 |
_aRU _bELAR _2rusmarc |
|
| 852 |
_aNLR _jПр20 Г-2/440 |
||
| 942 | _cBOOK | ||
| 945 | _aРоссийская национальная библиотека | ||
| 980 | _aNB | ||
| 980 | _aBV | ||